Стилистика современного русского языка и культура речи: учебное пособие для вузов

Dades bibliogràfiques
Autor principal: Солганик Г. Я. Григорий Яковлевич
Altres autors: Дроняева Т. С. Тамара Сергеевна
Sumari:В учебном пособии даются краткие теоретические сведения, упражнения и образцы выполнения заданий. Материал отражает новейшие научные достижения в области стилистики, он строго систематизирован и соотнесен с языковыми уровнями. Практикум содержит большое количество упражнений, с разных сторон показывающих стилистические особенности современного русского языка. Иллюстративный материал подобран из современных средств массовой информации и художественных произведений популярных авторов. Для студентов и преподавателей филологических факультетов и факультетов журналистики высших учебных заведений. Рекомендуется для использования как на семинарских занятиях, так и при самостоятельной работе.
Idioma:rus
Publicat: Москва, Академия, 2007
Edició:4-е изд.
Col·lecció:Высшее профессиональное образование. Филология
Matèries:
Format: MixedMaterials Llibre
KOHA link:https://koha.lib.tpu.ru/cgi-bin/koha/opac-detail.pl?biblionumber=122305

MARC

LEADER 00000nam0a2200000 4500
001 122305
005 20231031125920.0
010 |a 9785769536403 
035 |a (RuTPU)RU\TPU\book\132431 
090 |a 122305 
100 |a 20071001d2007 m y0rusy50 ca 
101 0 |a rus 
102 |a RU 
105 |a y j 000zy 
200 1 |a Стилистика современного русского языка и культура речи  |e учебное пособие для вузов  |f Г. Я. Солганик, Т. С. Дроняева 
205 |a 4-е изд. 
210 |a Москва  |c Академия  |d 2007 
215 |a 253 с. 
225 1 |a Высшее профессиональное образование. Филология 
330 |a В учебном пособии даются краткие теоретические сведения, упражнения и образцы выполнения заданий. Материал отражает новейшие научные достижения в области стилистики, он строго систематизирован и соотнесен с языковыми уровнями. Практикум содержит большое количество упражнений, с разных сторон показывающих стилистические особенности современного русского языка. Иллюстративный материал подобран из современных средств массовой информации и художественных произведений популярных авторов. Для студентов и преподавателей филологических факультетов и факультетов журналистики высших учебных заведений. Рекомендуется для использования как на семинарских занятиях, так и при самостоятельной работе. 
610 1 |a русский язык 
610 1 |a стилистика 
610 1 |a культура речи 
610 1 |a функциональные стили 
610 1 |a лексическая стилистика 
610 1 |a морфологическая стилистика 
610 1 |a синтаксическая стилистика 
610 1 |a учебные пособия 
686 |a Ш141.2-923.7  |v LBC/SL-A  |2 rubbk 
700 1 |a Солганик  |b Г. Я.  |g Григорий Яковлевич 
701 1 |a Дроняева  |b Т. С.  |g Тамара Сергеевна 
801 1 |a RU  |b 63413507  |c 20071001  |g PSBO 
801 2 |a RU  |b 63413507  |c 20170324  |g PSBO 
900 |a Стилистика русского языка и культура речи 
900 |a Русский язык и культура речи 
900 |a Русский язык 
942 |c BK 
951 |b 031000  |b 031001 
959 |a 67/20070927  |d 2  |e 0  |f АНЛ:1  |f ЧЗИЛ:1